00911cam a22002411 450000100100000000500170001000800410002704000310006808200180009910000380011724500520015526000670020730000200027449000190029450000660031365000320037965000310041165000350044283000260047791000330050395201160053699900170065200001899420200929165910.0780726s1945 miu 000 f eng  aDO-SdBNPcKMNCdDLCdBNPHU a813.42bM647p1 aMiller, Basil,d1897-1978.94087110aPatty Lou :bthe flying nurse, /cBasil Miller. aGrand Rapids, Michigan :bZondervan publishing house,c[1945]. a62 p. ;c20 cm.1 aPatty Lou ;v2 aIncluye referencia biográfica del autor en la contrasolapa. 4aEnfermeravFICCIÓN940872 4aNovela estadounidense9262 4aLiteratura estadounidense9263 0aPatty Lou ;n2940873 aCatalogación derivada / LC 001050718MOaGRbGRcCTd2010-05-21iLF1l0o813.42 M647pp18994-10r2020-06-25w2020-06-25y1ZNo se presta c18512d18512